000 00756cam a22002411 4500
001 af 47004329
003 DLC
005 20260227110825.0
008 850712s1946 fr b 000 0 fre c
010 _aaf 47004329
035 _a(OCoLC)12259695
040 _aHarvard univ. Library
_cCLU
_dDLC
042 _apremarc
050 0 0 _aHD83
_b.L44
082 _a330.1
100 1 _aLescoffier, François.
245 1 3 _aL'économie de grand espace;
_bles grands blocs économiques,
_cpar François Lescoffier ...
260 _aParis,
_bLibrairie générale de droit et de jurisprudence,
_c1946.
300 _a210 p., 1 l.
_c19 cm.
490 0 _aCollection d'études économiques,
_vxxv
504 _aBibliographical foot-notes.
650 0 _aEconomic policy.
999 _c2594
_d2594